| 000 | 01547nam a22002297a 4500 | ||
|---|---|---|---|
| 999 |
_c63209 _d63209 |
||
| 003 | Ge_BSU | ||
| 005 | 20250630104615.0 | ||
| 008 | 250630s2025 ge ||||| |||| 00| 0 geo d | ||
| 041 | _ageo | ||
| 080 | _a94 ა-29 | ||
| 100 |
_aაბუსელიძე, ჯამბულ _925560 |
||
| 245 |
_aანტიკური რომის დიპლომატიის ისტორია : _bდისერტაცია / _cჯამბულ აბუსელიძე; სამეცნიერო ხელმძღვანელი კახაბერ სურგულაძე; ბსუ. ჰუმანიტარულ მეცნიერებათა ფაკულტეტი. ისტორიის, არქეოლოგიის და ეთნოლოგიის დეპარტამენტი. |
||
| 264 |
_aბათუმი, _c2025. |
||
| 300 |
_a190 გვ.; _b30 სმ. |
||
| 504 | _aბიბლიოგრ. გვ. 166-190 | ||
| 653 | _aისტორია | ||
| 653 | _aანტიკური რომი | ||
| 653 | _aდისერტაცია | ||
| 700 |
_aსურგულაძე, კახაბერ _eსამეცნ. ხელმძღვანელი _925561 |
||
| 710 |
_a ბსუ. ჰუმანიტარულ მეცნიერებათა ფაკულტეტი. _b ისტორიის, არქეოლოგიის და ეთნოლოგიის დეპარტამენტი _925565 |
||
| 942 |
_2udc _cDS |
||